书目信息 |
| 题名: |
体育与审美
|
|
| 作者: | 朱长喜 , 谭淑萍 编著 | |
| 分册: | ||
| 出版信息: | 北京 人民体育出版社 1995 |
|
| 页数: | 186页 | |
| 开本: | 19cm | |
| 丛书名: | ||
| 单 册: | ||
| 中图分类: | G802 | |
| 科图分类: | 39.911 | |
| 主题词: | 体育美学 | |
| 电子资源: | ||
| ISBN: | 7-5009-1142-4 | |
| 000 | 00743nam0 2200241 45 | |
| 001 | 0195021373 | |
| 005 | 20061107152502.65 | |
| 010 | @a7-5009-1142-4@dCNY5.80 | |
| 100 | @a19950511d1995 em y0chiy0121 ea | |
| 101 | 0 | @achi |
| 102 | @aCN@b110000 | |
| 105 | @ay z 000yy | |
| 200 | 10 | @a体育与审美@ATI YU YU SHEN MEI@f朱长喜,谭淑萍编著@FZHU CHANG XI , TAN SHU PING BIAN ZHU |
| 210 | @a北京@c人民体育出版社@d1995 | |
| 215 | @a186页@d19cm | |
| 330 | @a分4部分:体育美是什么、体育美有哪些形态、体育美的内容与形式有什么关系和怎样欣赏运动美。 | |
| 606 | @a体育美学 | |
| 690 | @aG802 | |
| 692 | @a39.911 | |
| 701 | 0 | @a朱长喜@AZHU CHANG XI@4编著 |
| 701 | 0 | @a谭淑萍@ATAN SHU PING@4编著 |
| 801 | 0 | @aCN@bTSSF@c20061107 |
| 905 | @a10447@dG802@e101 | |
| 体育与审美/朱长喜,谭淑萍编著.-北京:人民体育出版社,1995 |
| 186页;19cm |
| ISBN 7-5009-1142-4:CNY5.80 |
| 分4部分:体育美是什么、体育美有哪些形态、体育美的内容与形式有什么关系和怎样欣赏运动美。 |
| ● |
| 相关链接 |
|
|
|
|
正题名:体育与审美
索取号:G802/101
 
预约/预借
| 序号 | 登录号 | 条形码 | 馆藏地/架位号 | 状态 | 备注 |
| 1 | 0269565 | 000297155 | 第一样本阅览室/ [索取号:G802/101] | 在馆 |